All Keys On a Laptop Keyboard - Statistics

General Stats
  • This quiz has been taken 41 times
  • The average score is 62 of 78
Answers on the Map
Answers color-coded by a green-red scale on the quiz's map according to % correct below.
 
Answer Stats
Answer % Correct
a
100%
d
100%
e
100%
f
100%
i
100%
l
100%
o
100%
q
100%
r
100%
s
100%
t
100%
u
100%
w
100%
y
100%
1
97%
2
97%
3
97%
4
97%
5
97%
6
97%
7
97%
8
97%
b
97%
c
97%
g
97%
j
97%
k
97%
0
95%
9
95%
h
95%
m
95%
n
95%
p
95%
v
95%
x
95%
z
95%
Control
81%
Shift
78%
Shift
78%
Space
78%
Alt
73%
Alt
73%
esc
73%
down
70%
enter
70%
f1
70%
f2
70%
f3
70%
f4
70%
f5
70%
f6
70%
f7
70%
f8
70%
f9
70%
left
70%
right
70%
up
70%
backspace
68%
f10
68%
tab
68%
comma
65%
delete
65%
f11
65%
f12
65%
period
62%
window
62%
fn
59%
semicolon
59%
Caps
57%
slash
54%
backslash
51%
Control
49%
minus
43%
equals
41%
Quotation Marks
41%
backtick
30%
brackets
30%
brackets
30%
No matching quizzes found
Score Distribution
Percent of People with Each Score
Percentile by Number Answered
Your Score History
You have not taken this quiz